000 00996nam a22002651u 4500
001 12663
003 HDC
007 cr bn ---
008 210209p2002 my eng
040 _aHDC
100 _aKamlesh Prasad,
_eauthor
_913450
245 0 _aDehydration behaviour of plain and fortified mango pulps in the preparation of bars /
_cby Kamlesh Prasad, Nirankar Nath and Ajjipuram Madappa Nanjundaswamy
260 _aSerdang :
_bMalaysian Agricultural Research and Development Institute (MARDI),
_c2002
300 _a1 page
336 _atext
_2rdacontent
337 _acomputer
_2rdamedia
338 _aonline resource
_2rdacarrier
650 _aFortification
_913451
650 _aMango pulp
_913452
650 _aSorption isotherm
_913453
856 _zRequest full-text at [email protected]
942 _2lcc
942 _cAR
942 _kJART 003199
999 _c9986
_d9986